The Fall - Lovejoy (All Lyrics) - Statistics

General Stats
  • This quiz has been taken 300 times
  • The average score is 204 of 280
Answer Stats
The Fall % Correct
a
98%
A
98%
the
98%
The
98%
and
96%
Bridge | Chorus | Pre-Chorus And
96%
I
96%
So
94%
so
94%
to
94%
you
94%
of
93%
we
93%
no
92%
all
91%
but
90%
But
90%
do
90%
it
90%
see
89%
We're
89%
we're
89%
Fucking
87%
fucking
87%
he
85%
There
85%
be
84%
go
84%
It's
84%
not
82%
on
82%
scared
82%
calm
81%
that
81%
like
80%
this
79%
more
78%
people
78%
say
78%
broken
77%
Verse 1 | Verse 2 Under
77%
must
76%
nose
76%
simple
76%
weight
76%
What
76%
what
76%
won't
76%
notice
75%
one
75%
seem
75%
blue
74%
now
74%
will
74%
how
73%
How
73%
got
72%
marvelous
72%
they
72%
view
72%
ramblers
71%
in
70%
know
70%
many
70%
come
69%
don't
69%
I'm
69%
else
68%
holiday
68%
let's
68%
never
68%
took
68%
some
67%
book
66%
county
66%
lives
66%
apathy
65%
does
65%
leave
65%
They'll
63%
already
62%
Cause
62%
have
62%
pumping
62%
couple
61%
dopamine
61%
look
61%
me
61%
boring
60%
knew
60%
painting
59%
sink
59%
those
59%
counties
58%
fall
57%
left
57%
Prozacs
57%
country
56%
different
56%
down
56%
been
55%
dog
55%
has
55%
hoarding
55%
put
54%
species
54%
old
53%
tapestry
53%
your
53%
house
52%
for
51%
estates
50%
accrue?
49%
Sertraline
48%
We've
48%
Aspiration
47%
grey
46%
need?
46%
nice
46%
thin
46%
destination
45%
if
44%
stencils
44%
still
44%
Across
43%
our
43%
Audi
42%
when
42%
R8
41%
around
40%
line
40%
trees
40%
my
39%
treadmill
39%
at
38%
knife
38%
misuse
38%
there's
38%
would
38%
can't
37%
Custom
37%
grocers
37%
high
37%
reems
37%
wasn't
37%
looms
36%
mall
36%
something
36%
plate
35%
brain
34%
effortful
34%
license
34%
nowhere
34%
even
33%
hedonic
32%
Pennines
32%
top
32%
With
30%
you've
25%
reached
23%
fills
13%
No matching quizzes found
Score Distribution
Percent of People with Each Score
Percentile by Number Answered
Your Score History
You have not taken this quiz